The Tokyo zodiac murders

Salvato in:
Dettagli Bibliografici
Autore principale: Shimada, Soji (Autore)
Natura: Libro
Lingua:inglese
Pubblicazione: Nueva York IBC 2004
Serie:Detective Mitarai's Casebook
Soggetti:
Tags: Aggiungi Tag
Nessun Tag, puoi essere il primo ad aggiungerne!!

MARC

LEADER 00000nam a2200000 a 4500
001 UCL9738
003 CL-VaPUC
008 040820e20040000US |||||||||||||||||eng|d
020 |a 4925080814 
082 0 4 |a 895.603  |b SHI  |2 21 
100 0 |a Shimada, Soji  |e author  |9 487647 
245 1 4 |a The Tokyo zodiac murders 
300 |a 251 p 
942 |c BK 
945 |d 20040820 00:00:00  |a cmena 
260 |a Nueva York  |b IBC  |c 2004 
650 7 |a NOVELAS JAPONESAS  |2 CL-VaPUC  |9 487648 
650 0 |a Literatura japonesa  |9 266543 
650 7 |a NOVELAS DETECTIVESCAS  |2 CL-VaPUC  |9 487649 
583 |a last modification  |c 20040820 00:00:00  |k Rodrigo Vera 
490 0 |a Detective Mitarai's Casebook 
999 |c 310426  |d 310424 
952 |0 0  |1 0  |4 0  |6 895_603000000000000_SHI_2004  |7 0  |8 A  |9 378840  |a BIBGIM  |b BIBGIM  |d 2019-11-21  |i 4034643  |o 895.603 SHI 2004  |p 4034643  |r 2025-01-15  |w 2019-11-21  |y BK  |k ORI